V zjazde najrýchlejší Kolář a Gantnerová Na 44. ročníku Veľkej ceny Demänovských jaskýň

Bibliographic Details
Main Author: Pomichal, Ľudovít, 1957- (Author)
Format: Article
Language:Slovak
Subjects:

MARC

LEADER 00000nab a2200000 a 4500
001 vtls000141586
003 SK-MaSNL
005 20260304173417.0
008 160201c1983 xo 0 slo
015 |a SNBRB19rr/mm-uuuuu 
035 |a CL0151692 
040 |a SNKBUCL  |b slo  |c SNKBUCL  |e AACR2 
041 0 |a slo 
044 |a xo  |c SK 
080 |a 796.92  |2 1981 
100 1 |a Pomichal, Ľudovít,  |d 1957-  |4 aut  |9 7365 
245 1 0 |a V zjazde najrýchlejší Kolář a Gantnerová  |b Na 44. ročníku Veľkej ceny Demänovských jaskýň  |c Ľudovít Pomichal 
650 0 7 |a lyžovanie  |2 snkbucl  |9 3256 
650 0 7 |a Veľká cena Demänovských jaskýň  |2 snkbucl  |9 727772 
655 7 |a články z novín a časopisov  |2 snkbucl  |9 267496 
773 0 |t Šport  |g Roč. 37, č. 42 (19. 2. 1983), s. 1 
850 |a Slovenská národná knižnica v Martine  |a MTA001 
852 |a SNK  |b KIS3GCP 
958 |a RK 
958 |a CZ 
992 |a RBX 
999 |c 3003140  |d 3005070